Países de 197 a 205 - Statistics

Estatísticas Gerais
  • Esse quiz foi jogado 111 vezes
  • A pontuação média é 4 de 9
Estatísticas das Respostas
posição população país % Correto
Livre associação com a Dinamarca 55 800 Gronelândia
85%
Reconhecido por 81% de todas as nações (158 de 196) 4 550 400 Palestina
58%
Livre associação com a Dinamarca 49 200 Ilhas Féroe
55%
Livre associação com Países Baixos 107 400 Aruba
54%
Livre associação com Países Baixos 154 800 Curaçao
47%
Nação africana, reconhecida por 44 nações 586 000 Saara Ocidental
41%
Livre associação com a Nova Zelândia 1 500 Niuê
33%
Livre associação com a Nova Zelândia 19 100 Ilhas Cook
32%
Livre associação com Países Baixos 38 200 São Martinho
26%
Nenhum quiz correspondente encontrado
Distribuição das Pontuações
Porcentagem de Pessoas com Cada Pontuação
Percentil de Números Respondidos
Sua Pontuação Histórica
Você não jogou esse quiz